Na Slovensku zvíťazila koalícia koalícií zhovárame sa s Jacquesom Rupnikom, politológom

Podrobná bibliografia
Hlavní autori: Tóth, Peter, 1971- (ain), Rupnik, Jacques, 1950- (Autor, uin)
Médium: Článok
Jazyk:slovenčina
Predmet:

MARC

LEADER 00000nab a2200000 a 4500
001 vtls000672274
003 SK-MaSNL
005 20260304215150.0
008 180207c1998 xo 0 slo
015 |a SNBRB1998/09-25794 
035 |a CLN000024450 
040 |a SNKBUCL  |b slo  |c SNKBUCL  |e AACR2 
041 0 |a slo 
044 |a xo  |c SK 
080 |a 324(437.6):342.53  |2 UDC-MRF-SK2 
100 1 |a Tóth, Peter,  |d 1971-  |4 ain  |9 110516 
245 1 0 |a Na Slovensku zvíťazila koalícia koalícií  |b zhovárame sa s Jacquesom Rupnikom, politológom  |c [zhováral sa] Peter Tóth 
650 0 7 |a parlamentné voľby  |z Slovensko  |y 1998  |2 snkbucl  |9 13305 
651 7 |a Slovensko  |x politika vnútorná  |y 1998  |2 snkbucl  |9 898084 
655 7 |a články z novín a časopisov  |2 snkbucl  |9 267496 
700 1 |a Rupnik, Jacques,  |d 1950-  |4 aut  |4 uin  |9 99567 
773 0 |t Sme  |g Roč. 6 a 51, č. 223 (28.9.1998), s. 5 
850 |a Slovenská národná knižnica v Martine 
852 |a SNK  |b KIS3GCP 
958 |a RBX 
999 |c 3145043  |d 3146973